Statistics for How many times can you type…? #2 Japan

Click here to take the quiz!

General Stats

  • This quiz has been taken 18 times
  • The average score is 39 of 100

Answer Stats

HintAnswer% Correct
1J
100%
4A
88%
7A
88%
9A
88%
2A
88%
6J
88%
5N
88%
10N
88%
3P
88%
8P
88%
17A
75%
24A
75%
22A
75%
19A
75%
29A
75%
14A
75%
27A
75%
12A
75%
16J
75%
21J
75%
11J
75%
26J
75%
15N
75%
20N
75%
25N
75%
28P
75%
23P
75%
13P
75%
18P
75%
31J
63%
30N
63%
37A
50%
32A
50%
34A
50%
39A
50%
36J
50%
35N
50%
40N
50%
33P
50%
38P
50%
44A
38%
47A
38%
42A
38%
52A
38%
49A
38%
51J
38%
46J
38%
41J
38%
45N
38%
50N
38%
43P
38%
53P
38%
48P
38%
59A
25%
67A
25%
62A
25%
64A
25%
69A
25%
57A
25%
54A
25%
66J
25%
61J
25%
56J
25%
70N
25%
60N
25%
65N
25%
55N
25%
63P
25%
68P
25%
58P
25%
79A
13%
77A
13%
74A
13%
72A
13%
76J
13%
71J
13%
75N
13%
80N
13%
73P
13%
78P
13%
99A
0%
97A
0%
94A
0%
92A
0%
89A
0%
87A
0%
82A
0%
84A
0%
86J
0%
91J
0%
96J
0%
81J
0%
85N
0%
90N
0%
95N
0%
100N
0%
88P
0%
93P
0%
83P
0%
98P
0%

Score Distribution

Percentile by Number Answered

Percent of People with Each Score

Your Score History

You have not taken this quiz